History of philosophy /

Bibliographic Details
Main Author: Weber, Alfred, 1835-1914
Other Authors: Perry, Ralph Barton, 1876-1957
Format: Book
Language:English
Published: New York : Scribner's, [1925]
Edition:Rev. ed.
Subjects:

MARC

Tag First Indicator Second Indicator Subfields
LEADER 00000cam a2200000 a 4500
001 in00000078801
005 20151008053928.0
008 770511s1925 nyu b 00110 engm
010 |a  25023497  
035 |a (OCoLC)02955573 
035 |9 AAH9095AM 
040 |a DLC  |c VZK  |d TXA  |d UtOrBLW 
049 |a TXAM  |c [1654493] 
050 0 0 |a B79  |b .W4 1925 
100 1 |a Weber, Alfred,  |d 1835-1914. 
245 1 0 |a History of philosophy /  |c by Alfred Weber ; translated by Frank Thilly with Philosophy since 1860 / by Ralph Barton Perry. 
250 |a Rev. ed. 
264 1 |a New York :  |b Scribner's,  |c [1925] 
264 4 |c ©1925 
300 |a xiii, 604 pages ;  |c 20 cm. 
336 |a text  |b txt  |2 rdacontent 
337 |a unmediated  |b n  |2 rdamedia 
338 |a volume  |b nc  |2 rdacarrier 
504 |a Includes bibliographical references and index. 
536 |a Donated by the estate of John Paul & Virginia Burns Abbott. June, 1996. 
650 0 |a Philosophy  |x History. 
700 1 |a Perry, Ralph Barton,  |d 1876-1957.  |t Philosophy since 1860. 
740 0 |a Philosophy since 1860. 
999 |a MARS 
999 f f |s d3662fdd-dad8-3757-9ae7-c3492f06fd05  |i da587bf9-6a89-3ba4-bc80-ff4b85eea6b7  |t 0 
952 f f |p normal  |a Texas A&M University  |b College Station  |c Sterling C. Evans Library  |s Evans stk  |d Evans: Library Stacks  |t 0  |e B79 .W4 1925  |h Library of Congress classification  |i unmediated -- volume  |m A14852391706 
998 f f |a B79 .W4 1925  |t 0  |l Evans: Library Stacks